Ateez Alphabet song - Statistics

General Stats
  • This quiz has been taken 340 times
    218 since last reset
  • The average score is 16 of 20
Answer Stats
Hint Answer % Correct
W Wave / Wonderland / Win / With u / Wake up / Where do I go / We know / Work / White love
97%
B Beginning of the end / Be with you / Better / Bouncy / Blind / Birthday / Blue summer
96%
I Illusion / If without you / Inception / It's you / Intro: long journey / I'm the one / Intro: siren / Intro beyond: zero / Ice on my teeth
96%
T Thank u / Turbulence / The letter / The real / Thanxx / To the beat / This world / The ring / Treasure / Twilight / The leader / Time of love / Take me home / The black cat nero / The king / The edge of reality
90%
A Aurora / Answer / Arriba / All about you
89%
H Hala Hala / Horizon / Halazia / Hush-Hush
88%
P Promise / Precious / Propaganda / Paradigm / Pirate king
88%
C Crescent / Cyberpunk / Crazy form / Crescent part2 / Celebrate / Castle
87%
D Dreamers / Desire / Dancing like butterflies wings /Dazzling light / Dear diary / Dune / Django / Dreamy day / Deja vu / Days / Diamond / Declaration / Deep dive / Don't stop
87%
S Say my name / Sunrise / Still here / Sector 1 / Silver light / Star 1117 / Stay / Shaboom / Siren / Scene1: value / Selfish waltz
86%
E End of the beginning / Emergency / Everything / Eternal Sunshine / Empty box / Enough
84%
G Good lil boy / Guerilla / Golden hour
83%
F Fever / Fin: will / Firework / Feeling like I do / Forevermore
79%
L Light / Limitless / Let's get together / Lemon drop
79%
M Mist / Matz / My way / Man on fire / Masterpiece
79%
U Utopia
71%
N New world / Not too late / Not okay / Now this house ain’t a home
65%
R Rocky / Royal
57%
Y Youth
54%
O Outro: over the horizon / One day at a time / Outlaw / Outro: long journey / Outro: blue bird / Outro: liberty
52%
No matching quizzes found
Score Distribution
Percent of People with Each Score
Percentile by Number Answered
Your Score History
You have not taken this quiz since the last reset